| 000 | 00990cam a2200205 4500 | ||
|---|---|---|---|
| 001 | WB3719-33 | ||
| 008 | 000000n2001 000 0 eng u | ||
| 035 | _a(Sirsi) u112596 | ||
| 245 | _aRegeneration lessons not being learned | ||
| 260 | _c2001 | ||
| 490 |
_aUrban Environment Today _v(121) 10 May 2001, 3(1) |
||
| 520 | _aA study conducted on behalf of the DETR has found that regeneration programmes are not learning the lessons from previous initiatives. New programmes are being launched before good practice lessons are gathered from earlier schemes. The research has found that lack of evaluation of programmes is due to insufficient funding. "A Review of the Evidence Base for Regeneration Policy and Practice" is available on the DETR website at: www.regeneration.detr.gov.uk/rs/03900/index.htm | ||
| 590 | _aWB | ||
| 650 | _aDETR | ||
| 650 | _aRESEARCH | ||
| 650 | _aREGENERATION POLICY | ||
| 650 | _aREGENERATION PROGRAMMES | ||
| 690 | _aREGENERATION | ||
| 942 | _n0 | ||
| 999 |
_c67019 _d67019 |
||